Basic documents on human rights /

Bibliografische gegevens
Andere auteurs: Brownlie, Ian, Goodwin-Gill, Guy S.
Formaat: Boek
Taal:English
Gepubliceerd in: Oxford ; New York; New Delhi : Oxford University Press, 2007.
Editie:Fifth edition.
Onderwerpen:
Classic Catalogue: View this record in Classic Catalogue
LEADER 02210nam a2200349 a 4500
001 0017306
003 BD-DhAAL
008 060216s2007 enk 001 0 eng d
010 |a  2006005793 
020 |a 0195689240 
020 |a 9780195689242 
020 |a 0199279837 
040 |a DLC  |c DLC  |d DLC  |d BD-DhAAL 
082 0 0 |a 341.48  |2 22 
245 0 0 |a Basic documents on human rights /  |c edited by Ian Brownlie and Guy S. Goodwin-Gill. 
250 |a Fifth edition. 
250 |a Indian eition. 
260 |a Oxford ;  |a New York;  |a New Delhi :  |b Oxford University Press,  |c 2007. 
300 |a xxiii, 1274 p. ;  |c 25 cm 
504 |a Includes index. 
526 |a SOL  |x Saira Rahman Khan Assistant Professor School of Law BRAC University 
541 1 |e 0017306, 0017307, 0017308, 0017309  |a Parash Publishers 
650 0 |a Human rights  |x History  |v Sources.  |9 50932 
700 1 |a Brownlie, Ian. 
700 1 |a Goodwin-Gill, Guy S. 
852 4 |a Ayesha Abed Library   |c General Stacks 
942 0 0 |0 1  |2 ddc  |c BK 
999 |c 6447  |d 6447 
952 |0 0  |1 0  |2 ddc  |4 0  |6 341_480000000000000_BAS_2007  |7 0  |9 6521  |a BRACUL  |b BRACUL  |c GEN  |d 2009-12-27  |e Parash Publishers  |g 2150.00  |l 2  |m 28  |o 341.48 BAS  |p 3010017307  |r 2026-02-01  |s 2025-10-05  |t 2  |v 4300.00  |w 2009-12-27  |y BK  |x Requisitioned by Saira Rahman Khan (Assistant Professor), School of Law, BRAC University 
952 |0 0  |1 0  |2 ddc  |4 0  |6 341_480000000000000_BAS_2007  |7 0  |9 6522  |a BRACUL  |b BRACUL  |c GEN  |d 2009-12-27  |e Parash Publishers  |g 2150.00  |l 3  |m 21  |o 341.48 BAS  |p 3010017308  |r 2026-02-22  |s 2025-10-05  |t 3  |v 4300.00  |w 2009-12-27  |y BK  |x Requisitioned by Saira Rahman Khan (Assistant Professor), School of Law, BRAC University 
952 |0 0  |1 0  |2 ddc  |4 0  |6 341_480000000000000_BAS_2007  |7 0  |9 6523  |a BRACUL  |b BRACUL  |c GEN  |d 2009-12-27  |e Parash Publishers  |g 2150.00  |l 4  |m 1  |o 341.48 BAS  |p 3010017309  |r 2019-02-09  |s 2019-02-01  |t 4  |v 4300.00  |w 2009-12-27  |y BK  |x Requisitioned by Saira Rahman Khan (Assistant Professor), School of Law, BRAC University 
952 |0 0  |1 0  |2 ddc  |4 0  |6 341_480000000000000_BAS_2007  |7 0  |9 6524  |a BRACUL  |b BRACUL  |c GEN  |d 2009-12-27  |e Parash Publishers  |g 2150.00  |l 2  |m 3  |o 341.48 BAS  |p 3010017306  |r 2019-10-09  |s 2019-09-28  |t 1  |v 4300.00  |w 2009-12-27  |y BK  |x Requisitioned by Saira Rahman Khan (Assistant Professor), School of Law, BRAC University